Economía y ambiente : (Registro nro. 7941)

Detalles MARC
000 -LEADER
fixed length control field 03102nam a2200277Ia 4500
003 - CONTROL NUMBER IDENTIFIER
control field OSt
005 - DATE AND TIME OF LATEST TRANSACTION
control field 20210525214853.0
008 - FIXED-LENGTH DATA ELEMENTS--GENERAL INFORMATION
fixed length control field 210310s1998 ck ad gr 000 0dspa d
020 ## - INTERNATIONAL STANDARD BOOK NUMBER
International Standard Book Number 9589061966
040 ## - CATALOGING SOURCE
Original cataloging agency CO-JMCR
Transcribing agency CO-JMCR
041 0# - LANGUAGE CODE
Language code of text/sound track or separate title spa
082 04 - DEWEY DECIMAL CLASSIFICATION NUMBER
Classification number 333.715 /
Item number R913e
Edition number 23
100 1# - MAIN ENTRY--PERSONAL NAME
Personal name Rudas, Guillermo,
9 (RLIN) 15879
Relator term autor
245 10 - TITLE STATEMENT
Title Economía y ambiente :
Remainder of title instrumentos económicos, cuentas ambientales y análisis costo-beneficio /
Statement of responsibility, etc. Guillermo Rudas
250 ## - EDITION STATEMENT
Edition statement 1a. edición
260 ## - PUBLICATION, DISTRIBUTION, ETC.
Place of publication, distribution, etc. Bogotá :
Name of publisher, distributor, etc. Fescol : Cerec : IER,
Date of publication, distribution, etc. 1998
300 ## - PHYSICAL DESCRIPTION
Extent 219 páginas :
Other physical details ilustraciones y gráficas a blanco y negro ;
Dimensions 21 cm.
500 ## - GENERAL NOTE
General note Incluye notas a pie de página.
504 ## - BIBLIOGRAPHY, ETC. NOTE
Bibliography, etc. note Bibliografía: páginas [213]-219
505 0# - FORMATTED CONTENTS NOTE
Formatted contents note El análisis económico y la política ambiental -- Instrumentos económicos para la protección ambiental: una alternativa ante los errores de política y las fallas de mercado -- Producción industrial, normas ambientales y sostenibilidad: una visión económica -- Las tasas retributivas por vertimientos contaminantes: ¿estrategia financiera o instrumento económico? -- Uso del agua e incentivos económicos para la conservación de cuencas hidrográficas -- Viabilidad e incentivos económicos en proyectos de manejo integral de microcuencas -- Análisis económico aplicado al ordenamiento ecológico -- Análisis costo-beneficio de la protección de la capa de ozono en Colombia -- Integración institucional, conceptual y de información de las cuentas económicas y ambientales: la experiencia colombiana
520 3# - SUMMARY, ETC.
Summary, etc. Puede ser armónica con el ambiente una estrategia de desarrollo económico y social? ¿Es variable una política ambiental sin entrar en contradicción con el desarrollo del país? Economía y ambiente responde a estos interrogantes, analizando cuatro asuntos centrales: los errores de política, las fallas del mercado y sus impactos ambientales; los instrumentos económicos de la política ambiental; el análisis costo-beneficio y las decisiones ambientales; y los sistemas de cuentas ambientales.<br/>Además de reflexiones conceptuales sobre estos asuntos, se presentan aplicaciones de los mismos a la realidad colombiana desde diversas perspectivas. Los instrumentos económicos se ilustran con base en las tasas retributivas por contaminación hídrica y en los incentivos al manejo adecuado de microcuencas. El análisis costo-beneficio se presenta con reflexiones sobre el manejo adecuado de zonas protegidas y muy especialmente aplicado a la toma de decisiones sobre la protección de la capa de ozono en Colombia. En ambos casos se presentan -de forma conceptual y aplicada diversas técnicas de valoración del ambiente. Finalmente, las cuencas ambientales se ilustran con avances logrados en Colombia, los cuales -a pesar de incipientes- colocan al país dentro de las naciones más avanzadas del continente en este terreno.
650 14 - SUBJECT ADDED ENTRY--TOPICAL TERM
Topical term or geographic name entry element Desarrollo económico
General subdivision Aspectos ambientales
9 (RLIN) 37898
650 24 - SUBJECT ADDED ENTRY--TOPICAL TERM
Topical term or geographic name entry element Política ambiental
Geographic subdivision Colombia
9 (RLIN) 8691
650 24 - SUBJECT ADDED ENTRY--TOPICAL TERM
Topical term or geographic name entry element Recursos naturales
Geographic subdivision Colombia
9 (RLIN) 8353
942 ## - ADDED ENTRY ELEMENTS (KOHA)
Source of classification or shelving scheme Dewey Decimal Classification
Koha item type Books
Existencias
Withdrawn status Lost status Source of classification or shelving scheme Damaged status Not for loan Collection code Home library Current library Date acquired Source of acquisition Full call number Barcode Date last seen Copy number Koha item type
    Dewey Decimal Classification     Non-fiction Biblioteca Pública José María del Castillo y Rada Biblioteca Pública José María del Castillo y Rada 04/15/2018 Donación 333.715 / R913e 430003611 05/16/2024 Ej.1 Books